MARC

LEADER 00000nas a2200000 a 4500
001 ssj0001130395
003 WaSeSS
005 20200512172242.0
006 m d
007 cr n
008 130512c20139999gw x p s 0 a0eng c
010 |a  2014243139 
016 7 |a 101622983  |2 DNLM 
022 |a 2194-7511  |l 2194-7511 
035 |a (WaSeSS)ssj0001130395 
040 |a AU@  |b eng  |e pn  |c AU@  |d CUS  |d NLM  |d Z5A  |d OCLCO  |d OCLCF  |d CUS  |d OCL  |d OCLCQ  |d OCLCO  |d OCLCQ  |d CASUM  |d OCLCO  |d DLC  |d OCLCQ  |d OCLCA  |d WaSeSS 
042 |a pcc 
050 0 0 |a RC516 
060 1 0 |a W1 
130 0 |a International Journal of Bipolar Disorders (Online) 
210 0 |a Int. j. bipolar disord. 
222 0 |a International journal of bipolar disorders 
245 1 0 |a International journal of bipolar disorders  |h [electronic resource]. 
246 1 |a IJBD 
260 |a Heidelberg, Germany :  |b Springer-Verlag, GmbH,  |c 2013- 
310 |a Irregular 
362 1 |a Began with 2013, 1:1. 
506 |a License restrictions may limit access. 
588 |a Description based on: 2013, 1:1; title from PDF caption (publisher's Web site, viewed Jan. 24, 2014). 
588 |a Latest issue consulted: 2017, 5:3 (viewed May 24, 2017). 
650 0 |a Manic-depressive illness  |v Periodicals. 
650 1 2 |a Bipolar Disorder. 
650 7 |a Manic-depressive illness.  |2 fast  |0 (OCoLC)fst01007706 
655 0 |a Electronic journals. 
710 2 |a European Network of Bipolar Research Expert Centres. 
710 2 |a International Group for the Study of Lithium Treated Patients. 
710 2 |a Deutsche Gesellschaft für Bipolare Störungen. 
850 |a DLC 
856 4 0 |z Full text available from Research Library: 04/01/2013 to present  |u https://search.proquest.com/publication/2034742